| 000 | 01146cam a22002894a 4500 | ||
|---|---|---|---|
| 001 | 12382931 | ||
| 005 | 20160809100703.0 | ||
| 008 | 010418s2001 ohu 001 0 eng | ||
| 010 | _a 2001032035 | ||
| 020 | _a0324100949 | ||
| 040 |
_aDLC _cDLC _dDLC |
||
| 042 | _apcc | ||
| 050 | 0 | 0 |
_aHF5686.C8 _bS352 2002 |
| 082 | 0 | 0 |
_a657/.42 _221 |
| 100 | 1 | _aVanderbeck, Edward J. | |
| 245 | 1 | 0 |
_aPrinciples of cost accounting / _cEdward J. VanDerbeck. |
| 250 | _a12th ed. | ||
| 260 |
_aCincinnati, Ohio : _bSouth-Western/Thomson Learning, _cc2002. |
||
| 300 |
_axiii, 450 p. : _bill. ; _c24 cm. |
||
| 500 | _aIncludes index. | ||
| 650 | 0 | _aCost accounting. | |
| 856 | 4 | 2 |
_3Contributor biographical information _uhttp://www.loc.gov/catdir/enhancements/fy1514/2001032035-b.html |
| 856 | 4 | 2 |
_3Publisher description _uhttp://www.loc.gov/catdir/enhancements/fy1514/2001032035-d.html |
| 906 |
_a7 _bcbc _corignew _d1 _eocip _f20 _gy-gencatlg |
||
| 942 |
_2lcc _cBOOKS _hHF 5686 .C8S352 2001 |
||
| 999 |
_c12925 _d12925 |
||